000 00198nam a22000857a 4500
008 170511b xxu||||| |||| 00| 0 eng d
100 _93105
_aVats.K.
245 _aMicro Economics-XII
260 _aNew Delhi
999 _c6392
_d6392